000 00342nam a22001457a 4500
020 _a978-8185873282
041 _aENG
100 _aChoudhary.M.L
245 _aMicro- Irrigation For Cash Crops
260 _aNew Delhi
_bWestville Publishing House
_c2006
300 _a162
650 _aIDE
700 _aKadam .U.S
856 _uIDE ( 5 )
999 _c1562
_d1562